Los herederos de Mariana Osorio: Comunidades Mestizas de Olmué: Repúblicas campesinas en los confines del Aconcagua Inferior, ss. XVII-XXI.
Guardado en:
| Autor principal: | |
|---|---|
| Formato: | Libro |
| Lenguaje: | español |
| Publicado: |
Olmué (Valparaíso), Chile:
Fernando Venegas Espinoza; Comunidad Agrícola-Ganadera Mariana de Osorio,
2009.
|
| Materias: | |
| Etiquetas: |
Agregar Etiqueta
Sin Etiquetas, Sea el primero en etiquetar este registro!
|
MARC
| LEADER | 00000cam a2200000 a 4500 | ||
|---|---|---|---|
| 001 | UCH9353 | ||
| 003 | CL-VaPUC | ||
| 005 | 20241021123821.0 | ||
| 008 | 091231e20090000CL |||||||||||||||||spa|d | ||
| 999 | |c 339342 |d 339340 | ||
| 020 | |a 978-956-319-987-1 | ||
| 040 | |c Pontificia Universidad Católica de Valparaíso | ||
| 082 | 0 | 4 | |a 983.252 VEN 2009 |2 21 |
| 100 | |a Venegas Espinoza, Fernando |e autor |9 460818 | ||
| 245 | 1 | 4 | |a Los herederos de Mariana Osorio: |b Comunidades Mestizas de Olmué: Repúblicas campesinas en los confines del Aconcagua Inferior, ss. XVII-XXI. |
| 260 | |a Olmué (Valparaíso), Chile: |b Fernando Venegas Espinoza; |b Comunidad Agrícola-Ganadera Mariana de Osorio, |c 2009. | ||
| 300 | |a 350 páginas. | ||
| 500 | |a c. Nº Inv.5595355. Fondo Budge. Donación del Profesor Sr. Eduardo Cavieres. 05-08-2019. Contiene dedicatoria del autor: "Para mi maestro, Eduardo Cavieres. Con mucho cariño, esta historia de un grupo de campesinos amantes de su espacio y tradiciones, en gratitud a sus fraternidad y generosidad, Afectuasamente Fernando Venegas y familia, Noviembre 2009. | ||
| 500 | |a Obra financiada con el aporte de la Comunidad Agrícola - Ganadera Mariana de Osorio, Olmué Granizo. | ||
| 583 | |a last modification |c 20180403 03:35:07 |k Rodrigo Vera | ||
| 651 | |a Olmué |x Historia |y Siglos 17-21 |9 892532 | ||
| 942 | |c BK |2 ddc | ||
| 945 | |d 20091231 00:00:00 |a dcastane | ||
| 952 | |0 0 |1 0 |4 0 |6 983_252000000000000_VEN_2009 |7 0 |8 A |9 432942 |a BIBHIS |b BIBHIS |d 2019-11-22 |i 4629655 |l 1 |m 1 |o 983.252 VEN 2009 |p 4629655 |r 2025-01-20 |s 2023-05-04 |w 2019-11-22 |y BK |k HIS | ||
| 952 | |0 0 |1 0 |3 erb |4 0 |6 983_252000000000000_VEN_2009 |7 0 |8 X |9 432943 |a FDOBUD |b FDOBUD |i 5445205 |o 983.252 VEN 2009 |p 5445205 |r 2019-11-22 |w 2019-11-22 |y BK_X |z Catalogado en:20171230 |k BUD | ||
| 952 | |0 0 |1 0 |3 erb |4 0 |6 983_252000000000000_VEN_2009 |7 0 |8 X |9 432944 |a FDOBUD |b FDOBUD |i 5595355 |o 983.252 VEN 2009 |p 5595355 |r 2019-11-22 |w 2019-11-22 |y BK_X |z Catalogado en:20190809 |k BUD | ||